| 000 | 00787nam a2200229Ia 4500 | ||
|---|---|---|---|
| 003 | GCL | ||
| 008 | 140319s9999 xx 000 0 ara d | ||
| 040 |
_aGCL / _cGCL |
||
| 082 | 0 | 4 |
_a025.17 _bم م |
| 100 | 1 | _aمحمد فتحى عبدالهادى | |
| 245 | 1 | 0 |
_aالمواد غير المطبوعة فى المكتبات الشاملة / _cمحمد فتحى عبدالهادى |
| 700 | 1 | _aحسن محمد عبد الشافى | |
| 260 |
_a[S.N] : _bالدار المصرية اللبنانية ، _c1994 |
||
| 300 | _a271 ص | ||
| 490 | _a | ||
| 650 | 0 | 4 | _aالمصغرات الفيلمية |
| 650 | 0 | 4 | _aالوسائل السمعية والبصرية |
| 650 | 0 | 4 | _aالفهرسة |
| 650 | 0 | 4 | _aتصنيف |
| 650 | 0 | 4 | _aالمواد غير المطبوعة |
| 942 |
_2ddc _cBK |
||
| 999 |
_c30607 _d30607 |
||